Spinoza : a very short introduction
Saved in:
| Main Author: | |
|---|---|
| Format: | Book |
| Language: | English |
| Published: |
Oxford :
Oxford University Press,
c2002.
|
| Series: | Very short introductions
|
| Subjects: | |
| Tags: |
Add Tag
No Tags, Be the first to tag this record!
|
MARC
| LEADER | 00000nam a2200000 a 4500 | ||
|---|---|---|---|
| 001 | 1/126926 | ||
| 008 | 230626s2002####enk| ||| |||| ||eng|| | ||
| 020 | |a 9780192803160 | ||
| 040 | |a GR-MyUa |b gre |c GR-MyUa |e AACR2 | ||
| 082 | 7 | |a 199.492 |2 (23) | |
| 100 | 1 | |a Scruton, Roger. | |
| 245 | 1 | 0 | |a Spinoza : |b a very short introduction / |c Roger Scruton. |
| 260 | |a Oxford : |b Oxford University Press, |c c2002. | ||
| 300 | |a 129 σ. ; |c 18 εκ. | ||
| 490 | 1 | |a (Very short introductions) | |
| 504 | |a Περιλαμβάνει βιβλιογραφικές παραπομπές (σ. 119-121) και ευρετήριο. | ||
| 600 | 1 | 0 | |a Spinoza, Benedictus de, |d 1632-1677. |
| 830 | 0 | |a Very short introductions | |
| 852 | |a INST |b SYROS |e 20230621 |h 199.492 SCR |p 005500016004 |q 005500016004 |t BK |y 0 | ||
| 970 | |a Κοντού |b Παρασκευή |z 26/06/2023 | ||